000
00342pab a2200145 454500
008
180718b1999 xxu||||| |||| 00| 0 eng d
100
_a
Dasgupta, R.K.
245
_a
Vande Mataram: ambiguities of the Indian nation
260
_c
1999
300
_a
p.8
362
_a
20 Oct
650
_a
Nationalism
773
_a
Statesman
909
_a
44392
999
_c
44392
_d
44392